00788nam a2200229Ia 4500001000700000003000500007008004100012010001100053020007200064040000900136082001800145245009700163260006500260300001400325503003200339504002700371650005800398650001700456650002800473700002900501700002800530Z_6874CHAP220113s2006 xx 000 0 und d a170148 a0-8138-1764-1 (papel alcalino) \ 978-0-8138-1764-4 (papel alcalino) cCHAP a636.08953 A48 aAlternative health practices for livestock /ceditores Thomas F. Morris y Michael T. Keilty aAmes, Iowa, Estados Unidos de América :bBlackwell,c2006 ax, 211 p. aej.1: 270848 \ ej.2: 270849 aIncluye bibliografía aGanado xx Enfermedades xx Tratamiento alternativo aSalud animal aVeterinaria alternativa a Keilty, Michael T., ed. aMorris, Thomas F., ed.